| 000 | 00697nam a2200205Ia 4500 | ||
|---|---|---|---|
| 003 | GCL | ||
| 008 | 140319s9999 xx 000 0 ara d | ||
| 040 |
_aGCL / _cGCL |
||
| 082 | 0 | 4 |
_a720 _bا ن |
| 100 | 1 | _aالفت يحيى حموده | |
| 245 | 1 | 0 |
_aنظريات وقيم الجمال المعمارى / _cالفت يحيى حموده |
| 300 | _a265 ص | ||
| 490 |
_aالهيئة العامة للاستعلامات _v0 |
||
| 650 | 0 | 4 | _aالعمارة |
| 650 | 0 | 4 | _aالعمارة الحديثة |
| 650 | 0 | 4 | _aالعمارة - تاريخ - عصر النهضة |
| 650 | 0 | 4 | _aالعمارة - تاريخ - العصور الوسى |
| 650 | 0 | 4 | _aالعمارة - تاريخ |
| 942 |
_2ddc _cBK |
||
| 999 |
_c51786 _d51786 |
||